Engaging Employers and Developing Skills at the Local Level in Northern Ireland, United Kingdom

Na minha lista:
Detalhes bibliográficos
Formato: Livro
Idioma:inglês
Publicado em: Paris OECD 2019
Colecção:OECD Reviews on Local Job Creation
Assuntos:
Tags: Adicionar Tag
Sem tags, seja o primeiro a adicionar uma tag!

MARC

LEADER 00000nam a2200000 4500
001 0256003
005 20221220064416.0
020 |a 978-92-64-31161-9 
041 0 |a eng 
044 |a FR 
245 1 0 |a Engaging Employers and Developing Skills at the Local Level in Northern Ireland, United Kingdom 
264 1 |a Paris  |b OECD  |c 2019 
300 |a 88 s. 
490 1 |a OECD Reviews on Local Job Creation 
830 0 |a OECD Reviews on Local Job Creation 
610 2 0 |a trh práce 
610 2 0 |a regióny 
610 2 0 |a miesta pracovné 
610 2 0 |a zamestnávatelia 
610 2 0 |a zručnosti 
610 2 0 |a porovnanie štatistické 
610 2 0 |a Spojené kráľovstvo